| 000 | 00633nam a2200217 i 4500 | ||
|---|---|---|---|
| 001 | 59642 | ||
| 003 | ES-MaACL | ||
| 005 | 20230906164054.0 | ||
| 007 | t| | ||
| 008 | 031030s1984 sp ||||1| spa d | ||
| 020 | _a84-339-1265-8 | ||
| 100 | 1 |
_aEphron, Nora. _947321 |
|
| 245 | 1 | 0 |
_aSe acabó el pastel / _cNora Ephron ; traducción de Benito Gómez Ibáñez. |
| 260 |
_aBarcelona : _bAnagrama, _c[1984] |
||
| 300 |
_a154 p. ; _c20 cm. |
||
| 490 | 1 |
_aContraseñas ; _v65 |
|
| 700 | 1 |
_aGómez Ibáñez, Benito. _957986 |
|
| 830 | 0 |
_aContraseñas ; _v65 _9179727 |
|
| 852 |
_aES-MaACL _jL-10991 _bR.112589 |
||
| 999 |
_c59642 _d59642 |
||